000 00259nam a22000857a 4500
999 _c11162
_d11162
008 180927b ||||| |||| 00| 0 eng d
100 _aGariyali, C K
_96924
245 _aWomen`s Own
_bthe self help movement of tamilnadu
260 _aNew Delhi
_bVetri Publishers
_c2004